000
00291nam a22001097a 4500
082
_a
629.287 EWI'O
100
_a
EWING, CHARLES G
_9
78346
245
_a
OUTBOARD MOTOR SERVICE MANUAL COVERING ALL LEADING MAKES AND MODELS
260
_a
KANSAS
_b
TECHNICAL
_c
1962
300
_a
255P
942
_c
BK
999
_c
583484
_d
583484